000 01059nam a22002537a 4500
005 20120112143825.0
008 120112t xxu||||| |||| 00| 0 mar d
010 _aMAR-22073
020 _c80.00
_a9788174981530
035 _aMR-14731
037 _bDBAD/PUB
040 _aDPL
_bMR
082 _a891.461
100 _aमनीषा साधू
_939079
245 _aप्रहर /
_cमनीषा साधू
246 _aPrahar
_bby Manisha Sadhu
260 _aनागपूर
_bविजय प्रकाशन
_c2011
270 _aहनुमान गल्ली,सीतीबर्डी,
_bनागपूर
_e440012
300 _a61पृ
_c21सेमी(अजिल्द)
650 _aमराठी कवितासंग्रह
_947051
650 _aMarathi Poetry
_947052
942 _2ddc
_cMR
_mमनीषा
_h891.461
999 _c66587
_d66587